Joueur de foot #2 - Statistiques

Statistiques générales
  • Ce quiz a été pris 449 fois
  • Le résultat moyen est 14 sur 16
Statistiques - réponses
Par images Réponse % Correct
Ronaldo
99%
Son
99%
Müller
98%
Salah
98%
Mané
96%
Neuer
94%
Kimpembe
93%
Maguire
92%
Paquetá
92%
Aubameyang
90%
Ederson
90%
Sánchez
88%
Fofana
83%
Fernández
76%
Dest
72%
Barella
68%
Aucun quiz correspondant
Distribution des résultats
% des personnes avec chaque résultat
Percentile par nombre de réponses
Votre historique - résultats
Vous n’avez pas pris ce quiz